000 00342nam a2200133Ia 4500
005 20260328101528.0
008 260328s9999||||xx |||||||||||||| ||und||
100 _aRapson, Ralph
245 0 _aStructure System :
_b Henrich Engel /
_cRalph Rapson
260 _bVan Nostrand Reinhold
300 _a239 p.
650 _aCONSTRUCCIÓN
942 _cBK
999 _c9863
_d9863